000 00447nmm a2200169Ia 4500
008 251105s9999||||xx |||||||||||||||||und||
020 _a9788499533322
041 _aspa
100 _aPérez Galdós, Benito
245 0 _aMarianela
264 _a[Madrid, España] :
_bLinkgua,
_c2016
300 _a140 páginas
490 _aNarrativa
650 _aSpanish narrative
856 _uhttps://public.digitaliapublishing.com/a/16373
942 _cCF
999 _c93078
_d93078